Cele ochrony przyrody, krajobrazu i środowiska kulturowego w Drawskim Parku Krajobrazowym / (Rekord nr 4354)
| 000 -ETYKIETA REKORDU | |
|---|---|
| podpole kontrolne o stałej długości | 01066nab a2200229 i 4500 |
| 001 - NUMER KONTROLNY REKORDU | |
| podpole kontrolne | BPP |
| 003 - IDENTYFIKATOR NUMERU KONTROLNEGO REKORDU | |
| podpole kontrolne | BPK |
| 005 - DATA OSTATNIEJ MODYFIKACJI REKORDU | |
| podpole kontrolne | 20160607110622.0 |
| 008 - POLE O STAŁEJ DŁUGOŚCI - DANE KONTROLNE | |
| podpole kontrolne o stałej długości | 151117s2000 pl | | |000 ||pol |
| 040 ## - ŹRÓDŁO KATALOGOWANIA | |
| Instytucja, która utworzyła rekord | BPK |
| 080 ## - UNIWERSALNA KLASYFIKACJA DZIESIĘTNA - UKD | |
| UKD | 502:719 |
| 100 ## - NAZWA OSOBOWA | |
| Nazwa osobowa | SZWICHTENBERG, Aleksander. |
| Lata pracy | 1996 - . |
| Instytucja | Politechnika Koszalińska - Wydział Ekonomii i Zarządzania, |
| Wydział | Katedra Turystyki |
| 245 ## - TYTUŁ/ODPOWIEDZIALNOŚĆ | |
| Tytuł | Cele ochrony przyrody, krajobrazu i środowiska kulturowego w Drawskim Parku Krajobrazowym / |
| Pozostałe elementy strefy tytułu i oznaczenia odpowiedzialności | Aleksander Szwichtenberg. |
| 260 ## - STREFA ADRESU WYDAWNICZEGO | |
| Data publikacji, dystrybucji/powstania dokumentu | 2000. |
| 500 ## - UWAGI OGÓLNE | |
| Tekst uwagi | Dane z autopsji. |
| 520 ## - UWAGA DOTYCZĄCA TREŚCI DOKUMENTU | |
| Analiza dokumentacyjna, adnotacja itp. | W opracowaniu przedstawiono najważniejsze cele ochrony przyrody, krajobrazu i środowiska kulturowego. Pominięto m.in. ochronę powietrza atmosferycznego, bądź też sprawy związane z użytkowaniem terenu. |
| 650 #0 - HASŁO PRZEDMIOTOWE W FORMIE NAZWY OGÓLNEJ LUB JEDNOSTKOWEJ | |
| Nazwa ogólna lub geograficzna | Ochrona przyrody. |
| 650 #0 - HASŁO PRZEDMIOTOWE W FORMIE NAZWY OGÓLNEJ LUB JEDNOSTKOWEJ | |
| Nazwa ogólna lub geograficzna | Ochrona krajobrazu. |
| 650 #0 - HASŁO PRZEDMIOTOWE W FORMIE NAZWY OGÓLNEJ LUB JEDNOSTKOWEJ | |
| Nazwa ogólna lub geograficzna | Drawski Park Krajobrazowy. |
| 773 ## - TYTUŁ DOKUMENTU MACIERZYSTEGO | |
| Wyrażenie wprowadzające | W : |
| Tytuł | Koszalińskie Studia i Materiały. - |
| Adres wydawniczy | Koszalin : Wydaw. Uczelniane Politechniki Koszalińskiej, 2000. - |
| Informacje dotyczące relacji | nr 2, s. 227-240 |
| 942 ## - HASŁO DODATKOWE - ELEMENTY(KOHA) | |
| Typ dokumentu | Artykuł |
| Schemat klasyfikacji | Uniwersalna klasyfikacja dziesiętna |
| Wycofany | Zagubiony | Uszkodzony | Dostępność | Lokalizacja stała | Lokalizacja bieżąca | Sygnatura | Typ dokumentu |
|---|---|---|---|---|---|---|---|
| Dostępny | Bibliografia Prac Pracowników - BPK | Bibliografia Prac Pracowników - BPK | 0856 | Artykuł |
